000 00556 a2200169 4500
999 _c8813
_d8813
020 _a0409003433
050 0 0 _aKTL 858 COR 2002
100 1 _aCornelius, S. J.
_eauthor
245 1 0 _aPrinciples of the interpretation of contracts in South Africa /
_cS.J. Cornelius
264 _aDurban :
_bLexisNexis Butterworths,
_c2002
300 _axiii, 234 p. ;
500 _aIncludes bibliographical references and index
504 _aIncludes bibliographical references and index
650 0 _aContracts
651 _aSouth Africa
942 _2lcc
_cBK
_h858
_iCOR
_kKTL